El estado actual de la ciencia jurídica
Salvato in:
| Autore principale: | |
|---|---|
| Natura: | Libro |
| Lingua: | spagnolo |
| Pubblicazione: |
Valparaíso
Universidad de Chile
1975
|
| Soggetti: | |
| Tags: |
Aggiungi Tag
Nessun Tag, puoi essere il primo ad aggiungerne!!
|
MARC
| LEADER | 00000nam a2200000 a 4500 | ||
|---|---|---|---|
| 001 | UCT9227 | ||
| 003 | CL-VaPUC | ||
| 008 | 970404e19750000CL |||||||||||||||||spa|d | ||
| 082 | 0 | 4 | |a 340.1 |b HER |2 21 |
| 100 | |a Hernández Gil, Antonio |e autor |9 443264 | ||
| 245 | 1 | 3 | |a El estado actual de la ciencia jurídica |
| 300 | |a 31 p | ||
| 942 | |c BK | ||
| 945 | |d 19970404 00:00:00 |a paguirre | ||
| 260 | |a Valparaíso |b Universidad de Chile |c 1975 | ||
| 650 | 0 | |a Ciencias del derecho |9 380726 | |
| 650 | 0 | |a Dogmática jurídica |9 337910 | |
| 650 | 0 | |a Derecho civil |9 255013 | |
| 650 | 0 | |a Personas |9 255751 | |
| 650 | 0 | |a Mujer casada |9 255924 | |
| 651 | 7 | |a CHILE |2 CL-VaPUC |9 381761 | |
| 583 | |a last modification |c 19970404 00:00:00 |k Rodrigo Vera | ||
| 999 | |c 257646 |d 257644 | ||
| 952 | |0 0 |1 0 |2 ddc |4 0 |6 340_100000000000000_HER_1975 |7 0 |8 A |9 281220 |a BIBDER |b BIBDER |d 2019-11-19 |i 1819089 |l 2 |m 1 |o 340.1 HER 1975 |p 1819089 |r 2023-01-25 |s 2021-10-11 |w 2019-11-19 |y MX |k DER | ||
| 952 | |0 0 |1 0 |2 ddc |4 0 |6 340_100000000000000_HER_1975 |7 0 |8 DER_TF |9 281221 |a BIBDER |b BIBDER |d 2019-11-19 |i 1884867 |o 340.1 HER 1975 |p 1884867 |r 2023-01-25 |w 2019-11-19 |x Ubicación 4to Piso |y MX |z Estos recursos deben solicitarse con anticipación |k DER | ||